10 najlepszych stanów USA według procentu osób urodzonych poza stanem - Statystyki

Ogólne statystyki
  • Ten quiz został rozwiązany 7 razy
  • Średni wynik to 6 z 10
Statystyki odpowiedzi
% urodzonych w tym stanie State % Poprawnych
35,9 Floryda
100%
39,7 Arizona
83%
46,3 Waszyngton
83%
41,4 Alaska
67%
27,0 Nevada
67%
45,4 Oregon
67%
41,9 Kolorado
50%
42,4 Wyoming
33%
44,9 Delaware
17%
40,7 New Hampshire
17%
Nie znaleziono quizów pasujących do podanych kryteriów
Rozkład punktacji
Procent ludzi z każdym wynikiem
Percentyl według liczby udzielonych odpowiedzi
Twoja historia wyników
Nie rozwiązałeś tego quizu